[Event "Odense-ch IM-1 2018"]
[Site "Odense"]
[Date "2018.10.12"]
[Round "1"]
[White "Antonsen, Mikkel"]
[Black "Teplyi, Igor"]
[Result "1/2-1/2"]
[WhiteElo "2429"]
[BlackElo "2404"]
[Annotator "TA"]
[PlyCount "34"]
[EventDate "2018.10.12"]
[EventType "tourn"]
[EventCountry "DEN"]
[SourceTitle "playchess.com"]
[Source "ChessBase"]
[SourceQuality "1"]

{[%evp 16,34,6,6,6,4,14,5,5,17,12,-25,-26,-16,-21,-41,-36,-29,-17,-15,-17]} 1. d4 Nf6 2. c4 e6 3. Nc3 Bb4 4. Qc2 O-O 5. Nf3 c5 6. dxc5 Na6 {[%cal Bb8a6,Ba6c5,Bc5e4][%mdl 32]} 7. g3 Nxc5 8. Bg2 Nce4 9. O-O Bxc3 {E39: Nimzo-Indian: Classical: 4...c5 5 dxc5 0-0} (9... Nxc3 10. bxc3 Be7 11. e4 d6 12. e5 dxe5 13. Nxe5 Qc7 14. Qe2 Nd7 15. Bf4 Nxe5 16. Bxe5 Bd6 17. Rfe1 Rb8 18. Rad1 Bxe5 19. Qxe5 Qxe5 20. Rxe5 b6 21. c5 Ba6 22. c6 {½-½ (43) Nakamura,H (2781)-Caruana,F (2799) London 2017}) 10. bxc3 Qc7 11. Nd4 d5 12. cxd5 exd5 13. Ba3 Re8 14. Rac1 Bd7 15. Qb2 Rac8 16. e3 a6 $146 ({Predecessor:} 16... b6 17. Ne2 {½-½ (70) Aczel,G (2506)-Teplyi,I (2431) Copenhagen 2016}) 17. Rfe1 h5 1/2-1/2

[Event "Odense-ch IM-1 2018"]
[Site "Odense"]
[Date "2018.10.12"]
[Round "1"]
[White "Rostgaard, Tobias Valentin"]
[Black "Fries-Nielsen, Jens Ove"]
[Result "0-1"]
[WhiteElo "2416"]
[BlackElo "2370"]
[Annotator "TA"]
[PlyCount "93"]
[EventDate "2018.10.12"]
[EventType "tourn"]
[EventCountry "DEN"]
[SourceTitle "playchess.com"]
[Source "ChessBase"]
[SourceQuality "1"]

{[%evp 19,93,-1,14,1,29,3,27,11,32,7,33,33,102,108,123,102,187,168,202,107,114,108,126,112,172,164,229,-37,-35,-30,-32,-33,-16,-36,-42,-26,0,-15,-12,-19,-10,-12,0,0,18,-816,-792,-858,-627,-1264,0,-1264,-1156,-6175,-6119,-5265,-5222,-5222,-5214,-1842,-374,-358,-358,-355,-104,-104,0,-210,0,-343,-335,-677,-629,-1060,-925,-564]} 1. d4 Nf6 2. Nf3 e6 3. c4 d5 4. g3 Be7 5. Bg2 O-O 6. O-O Na6 7. b3 {E06: Closed Catalan: Early deviations} b6 8. Bb2 Bb7 9. Nbd2 {[%cal Bb1d2,Bd2c4,Bc4e3][%mdl 32]} c5 10. cxd5 exd5 {LiveBook: 6 Games} 11. dxc5 (11. Ne5 Nc7 12. Ndf3 Ne6 13. Bh3 Ne4 14. Nxf7 Kxf7 15. Ne5+ Kf6 16. dxc5 d4 17. c6 Kxe5 18. cxb7 Rb8 19. e3 Kd6 20. Bxd4 N6g5 21. Bxb6+ {1-0 (21) Jobava,B (2690)-Ponomariov,R (2694) Riadh 2017}) 11... bxc5 12. Rc1 Qa5 $146 ({Predecessor:} 12... Qb6 13. Qc2 h6 14. Qb1 Rfe8 15. e3 Rad8 16. Rfd1 Qe6 17. a3 Bf8 {1-0 (40) Demidov,M (2519)-Repka,C (2417) Marianske Lazne 2015}) 13. Nh4 {White wants to play e4!} g6 $1 14. Nc4 Qd8 15. Ne3 Ne4 ({Better is} 15... Rb8 $14) 16. Bxe4 $1 $16 dxe4 17. Qc2 $1 $36 {[%mdl 2048] White has strong initiative.} Bxh4 (17... Bf6 $16) 18. gxh4 $18 Qxh4 19. Qc3 (19. Rcd1 $18) 19... f6 $16 20. Rcd1 {[%mdl 1024] White has strong compensation.} Rf7 21. Rd6 Qg5+ (21... Nc7 $16 {was called for.}) 22. Kh1 $18 Nb4 (22... Kg7 $142) 23. Qd2 $2 ({And not} 23. Rxf6 Rxf6 24. Qxf6 Qxf6 $11) (23. Qc4 $18 Kg7 24. Bxf6+ $1 {[%mdl 512]} (24. Rg1 Qf4 $18) 24... Rxf6 25. Rd7+ Kh8 26. Rxb7) 23... Qf4 $15 24. Rd7 {Rxf7 is the strong threat.} Raf8 25. a3 {[#]} Nd3 $1 {[%mdl 512]} 26. Rxb7 $1 (26. exd3 Rxd7) 26... Rxb7 27. exd3 Rxb3 28. dxe4 Qxe4+ 29. Kg1 c4 30. Rc1 Rd3 31. Qc2 Rc8 32. Qa4 $2 {[%mdl 8192]} (32. Bxf6 $11 a5 33. a4) 32... Rxe3 $1 $19 33. fxe3 Qxe3+ 34. Kh1 Qe4+ $1 35. Kg1 Rc5 36. Bxf6 Qg4+ 37. Kh1 Qf3+ 38. Kg1 Qxf6 {[%mdl 4096] Endgame KQR-KQR} 39. Qe8+ Qf8 $2 (39... Kg7 40. Qd7+ Kh6) 40. Qe6+ Qf7 41. Qe3 Qf5 $2 (41... Qc7 $19 {Strongly threatening ...c3.} 42. Rd1 Rf5 43. Qe6+ Kf8) 42. Qe8+ $17 {[#]} Qf8 (42... Kg7 $1 $17 43. Qe7+ Kg8 44. Qd8+ Qf8 45. Qxf8+ Kxf8) 43. Qe6+ $19 {[#]} Qf7 (43... Kg7 $142 $1 {( -> ...Rg5+)} 44. Rxc4 Rg5+ 45. Rg4 Qc5+ 46. Kg2 Qc2+ 47. Kg3 Qc7+ 48. Kg2 Re5) 44. Qe3 Rf5 45. Rd1 $2 (45. Re1) 45... Qf6 46. Qe4 Kg7 47. Qd4 {Precision: White = 40%, Black = 41%.} 0-1

[Event "Odense-ch IM-1 2018"]
[Site "Odense"]
[Date "2018.10.12"]
[Round "1"]
[White "Skytte, Rasmus"]
[Black "Hansen, Mads"]
[Result "0-1"]
[WhiteElo "2385"]
[BlackElo "2395"]
[Annotator "TA"]
[PlyCount "95"]
[EventDate "2018.10.12"]
[EventType "tourn"]
[EventCountry "DEN"]
[SourceTitle "playchess.com"]
[Source "ChessBase"]
[SourceQuality "1"]

{[%evp 12,95,0,-44,-19,-52,-27,-27,-18,-15,-12,-19,0,-26,-22,-11,-7,-33,-8,-30,-25,-45,-35,-35,-39,-66,-35,-57,-33,-99,-92,-105,-105,-110,-87,-104,-97,-87,-68,-137,-81,-89,-93,-86,-59,-63,-67,-68,-51,-87,-82,-231,-122,-189,-189,-222,-199,-199,-205,-204,-182,-182,-182,-193,-181,-181,-148,-141,-89,-84,-68,-236,-224,-465,-452,-415,-382,-369,-341,-368,-366,-350,-351,-29970,-29969,-5987]} 1. c4 Nf6 {[%cal Bg8f6,Bf6d5,Bd5f4][%mdl 32]} 2. Nc3 e5 3. Nf3 Nc6 4. a3 d5 5. cxd5 Nxd5 6. e4 Nf4 {A28: English Opening: Four Knights Variation} 7. d3 {LiveBook: 3 Games} (7. d4 {seems wilder.} exd4 8. Bxf4 dxc3 9. Qxd8+ Nxd8 10. bxc3 Ne6 11. Bg3) 7... Ne6 8. Be2 a5 {Black is slightly better.} 9. Be3 $146 ({Predecessor:} 9. O-O Bc5 10. Be3 Ned4 11. Rc1 {0-1 (48) Belous,V (2414)-Zherebukh,Y (2553) Moscow 2009}) 9... Bd6 10. Nb5 O-O 11. Rc1 Re8 12. Nxd6 Qxd6 13. O-O Bd7 14. g3 Rac8 15. Nd2 Ned4 16. Nc4 Nxe2+ 17. Qxe2 Qg6 18. f4 exf4 19. Bxf4 f5 {[%cal Rf5e4]} 20. e5 (20. Rfe1 $15) 20... Be6 $17 21. Nd2 Rcd8 22. Nf3 Rd7 23. Be3 Qg4 24. d4 Bd5 25. Rc3 (25. Rf2 $15) 25... h6 (25... Rf7 $142 $1 {Hoping for ...f4.} 26. Kf2 Bxf3 27. Qxf3 Nxd4) 26. Rf2 {[#]} f4 $1 {[%mdl 512]} 27. Bxf4 Bxf3 28. Qxf3 Qxf3 29. Rfxf3 Nxd4 30. Rfd3 g5 31. e6 (31. Be3 $17 {keeps fighting.} Nf3+ 32. Kh1) 31... Rxe6 (31... Rd5 $19 32. Rxd4 Rxd4 33. Bxc7 Rxe6 34. Bxa5 Rd1+ 35. Kf2 Rd2+ 36. Kf3 Rxb2) 32. Bxc7 {[#]} (32. Be3 $17 {is a better defense.} Nf3+ 33. Kh1 Rxd3 34. Rxd3) 32... Ree7 $1 $36 {[%mdl 2048] Strongly threatening ...Ne2+. Black is really pushing.} 33. Kf1 Nb5 ({And not} 33... Rxc7 34. Rxd4 Rxc3 35. bxc3 $11) 34. Rxd7 Rxd7 35. Rb3 Nxc7 36. Rxb7 {[%mdl 4096] Endgame KRN-KR} Rf7+ 37. Ke2 Ne6 38. Rb6 Nd4+ 39. Kd3 Nf3 (39... Rd7 $142 {...Kg7 is the strong threat.} 40. Ra6 Kg7) 40. Rxh6 $17 Kg7 41. Rh5 $2 {[#]} (41. Ra6 $15) 41... Rf8 $1 $19 42. Ke3 $2 (42. g4 {was worth a try.}) 42... Kg6 43. g4 Nh4 {And now ...Ng2+ would win.} 44. Kd4 Rb8 45. Kc3 a4 46. Kc2 Rc8+ 47. Kd3 $2 (47. Kd2 $19) 47... Ng2 48. Kd4 {Precision: White = 26%, Black = 65%.} 0-1

[Event "Odense-ch IM-1 2018"]
[Site "Odense"]
[Date "2018.10.13"]
[Round "2"]
[White "Teplyi, Igor"]
[Black "Rostgaard, Tobias Valentin"]
[Result "1-0"]
[WhiteElo "2404"]
[BlackElo "2416"]
[Annotator "TA"]
[PlyCount "71"]
[EventDate "2018.10.12"]
[EventType "tourn"]
[EventCountry "DEN"]
[SourceTitle "playchess.com"]
[Source "ChessBase"]
[SourceQuality "1"]

{[%evp 13,71,28,57,57,37,33,43,44,103,90,100,94,83,115,167,133,274,252,251,227,231,162,150,160,281,262,291,180,172,187,212,201,202,209,216,192,242,186,196,97,102,78,91,83,77,87,177,177,188,112,254,267,242,213,1101,1112,1054,1079,1239,994]} 1. c4 Nf6 2. Nc3 g6 3. e4 d6 4. d4 Bg7 5. h3 O-O 6. Be3 e5 7. d5 a5 8. g4 {E71: King's Indian: 4 e4 d6 5 h3} Na6 9. Qd2 (9. Nge2 c6 10. Ng3 Nc5 11. g5 Nfd7 12. h4 cxd5 13. Nxd5 Nb6 14. Nc3 Be6 15. b3 a4 {1-0 (36) Ding,L (2777)-Amonatov,F (2636) Riadh 2017}) 9... Nc5 10. f3 {White is slightly better.} Nfd7 (10... c6 $14) 11. h4 {[%cal Bh3h4,Bh4h5,Bh5h6][%mdl 32]} f5 12. gxf5 gxf5 13. exf5 $146 ({Predecessor:} 13. O-O-O f4 14. Bf2 Nf6 15. h5 Bh6 {½-½ (45) Anton Guijarro,D (2651)-Ziska,H (2545) Heraklio 2017}) 13... Nf6 (13... Rxf5 $6 14. O-O-O $11) (13... Nb6 $16) 14. h5 $18 Bxf5 (14... h6 $16) 15. h6 Bh8 16. Bxc5 $1 dxc5 17. Qg5+ Bg6 18. Bh3 Re8 (18... Ra6 $16) 19. Bf5 Kf7 {If Black can now play ...Bxf5 this consolidates a bit.} 20. Nge2 Bxf5 21. Qxf5 Qc8 22. Qd3 Rg8 23. O-O-O Qd7 24. Qe3 Qe7 25. Nb5 Rad8 26. d6 (26. Kb1 $18 {is more deadly.}) 26... cxd6 $16 27. Nec3 Rg6 28. Kb1 {[%mdl 1024] White has strong compensation.} Qe6 29. Qd3 Ne8 (29... Kf8 $16) 30. Ne4 $18 Bf6 {[#]} 31. Nbc3 (31. Nexd6+ Nxd6 32. Nxd6+ Kf8 $11) (31. Rhe1 $1 $18) 31... Be7 (31... Nc7 $16) 32. Nd5 Nf6 33. f4 {[%cal Bf3f4,Bf4f5][%mdl 32]} ({And not} 33. Ndxf6 Bxf6 34. Qb3 (34. Nxd6+ Kf8 $11) 34... Be7 $11) 33... Qg4 $2 (33... exf4 34. Rhe1 (34. Nexf6 Bxf6 35. Rhf1 Be5 $16) 34... Nxd5 35. Ng5+ Bxg5 36. Rxe6 Nc3+ 37. bxc3 (37. Qxc3 Kxe6 38. Qf3 Rb8 $16) 37... Kxe6) 34. Ndxf6 {White is clearly winning.} Bxf6 35. f5 Rgg8 36. Qd5+ {Precision: White = 72%, Black = 39%.} 1-0

[Event "Odense-ch IM-1 2018"]
[Site "Odense"]
[Date "2018.10.13"]
[Round "2"]
[White "Hansen, Mads"]
[Black "Fries-Nielsen, Jens Ove"]
[Result "1/2-1/2"]
[WhiteElo "2385"]
[BlackElo "2370"]
[Annotator "TA"]
[PlyCount "30"]
[EventDate "2018.10.12"]
[EventType "tourn"]
[EventCountry "DEN"]
[SourceTitle "playchess.com"]
[Source "ChessBase"]
[SourceQuality "1"]

{[%evp 22,30,33,31,56,32,43,0,6,0,15]} 1. e4 d6 2. d4 Nf6 3. Nc3 Nc6 4. h3 e5 5. Nf3 exd4 6. Nxd4 g6 7. Be3 Bg7 8. g3 O-O 9. Bg2 Nd7 {[%cal Bf6d7,Bd7e5,Be5c4][%mdl 32]} 10. O-O Nde5 11. Nde2 Nc4 12. Bc1 {LiveBook: 9 Games} Nb6 {B07: Pirc Defence: Miscellaneous Systems} 13. a4 a5 14. Nd5 $146 ({Predecessor:} 14. b3 Be6 15. Be3 Nc8 16. Qd2 N8e7 17. Rad1 Qc8 18. Kh2 f6 19. Nd5 Bf7 20. Nec3 Nxd5 21. exd5 {1-0 (44) Short,N (2430)-McNab,C Marbella 1982}) 14... Nxd5 15. exd5 Ne7 1/2-1/2

[Event "Odense-ch IM-1 2018"]
[Site "Odense"]
[Date "2018.10.13"]
[Round "2"]
[White "Skytte, Rasmus"]
[Black "Antonsen, Mikkel"]
[Result "1-0"]
[WhiteElo "2385"]
[BlackElo "2429"]
[Annotator "TA"]
[PlyCount "65"]
[EventDate "2018.10.12"]
[EventType "tourn"]
[EventCountry "DEN"]
[SourceTitle "playchess.com"]
[Source "ChessBase"]
[SourceQuality "1"]

{[%evp 20,65,7,0,0,-17,15,0,17,19,23,25,20,14,26,38,83,6,71,37,9,9,40,39,34,47,34,33,181,99,98,100,101,109,389,401,391,379,375,368,523,515,1013,260,2398,2368,29989,29990]} 1. e4 e5 2. Nc3 Nc6 3. g3 Bc5 4. Bg2 Nf6 5. Nge2 a6 6. O-O d6 7. d3 Nd4 {C26: Vienna Game: 2...Nf6, sidelines} (7... h5 8. Bg5 Be6 9. Nd5 h4 10. gxh4 Bxd5 11. exd5 Nd4 12. Ng3 Nb5 13. c3 Na7 14. Ne4 Rh6 15. d4 {1-0 (25) Mamedyarov,S (2765)-Harikrishna,P (2727) Beijing 2014}) 8. h3 O-O 9. Kh2 c6 10. Nxd4 Bxd4 11. f4 {LiveBook: 3 Games} exf4 12. gxf4 Re8 13. Qf3 b5 $146 ({Predecessor:} 13... Ba7 14. Bd2 Nd7 15. Qg3 Nf8 16. f5 {1-0 (36) Shanava,K (2499)-Khadem Erfani,S (2078) Khomein 2018}) 14. Ne2 Bb6 15. Ng3 Ra7 16. Bd2 h6 17. Rae1 a5 18. a3 (18. e5 $16 dxe5 19. fxe5) 18... c5 (18... Rae7 $11) 19. c4 bxc4 20. dxc4 a4 21. Rd1 Bb7 22. Qd3 Ba5 23. Bxa5 Rxa5 {[#]} (23... Qxa5 $14 24. Nf5 Bxe4 25. Bxe4 Rxe4) 24. Rfe1 ({Stronger than} 24. Qxd6 Qxd6 25. Rxd6 Bxe4 $11) (24. Rg1 $1 $18) 24... Ra6 $16 {[#]} 25. e5 $1 {[%cal Be4e5,Be5f6,Bf6g7][%mdl 32]} Bxg2 26. exf6 ({Of course not} 26. Kxg2 Qa8+ 27. Qf3 Qxf3+ 28. Kxf3 dxe5 $15) 26... Ba8 $2 {[%mdl 8192]} (26... Bc6 $16) 27. fxg7 $18 Rb6 28. Rxe8+ Qxe8 29. Rd2 Qc6 (29... Qd8 $142 30. Nf5 Qf6) 30. Qe2 Rb8 (30... Qc8 $142 31. Qh5 Qe6) 31. Qe7 $2 (31. Qh5 d5 32. Qe5) 31... h5 $2 (31... Re8 32. Qh4 (32. Qxd6 Kxg7 33. Nh5+ Kh8 $16) 32... Re6) 32. Qg5 Qf3 33. Qh6 {Precision: White = 55%, Black = 17%.} 1-0

[Event "Odense-ch IM-1 2018"]
[Site "Odense"]
[Date "2018.10.13"]
[Round "3"]
[White "Antonsen, Mikkel"]
[Black "Hansen, Mads"]
[Result "1/2-1/2"]
[WhiteElo "2429"]
[BlackElo "2385"]
[Annotator "TA"]
[PlyCount "94"]
[EventDate "2018.10.12"]
[EventType "tourn"]
[EventCountry "DEN"]
[SourceTitle "playchess.com"]
[Source "ChessBase"]
[SourceQuality "1"]

{[%evp 20,94,100,105,120,120,125,80,73,73,73,27,35,24,32,34,178,94,92,85,86,71,68,21,31,0,24,22,67,69,52,48,68,12,7,0,0,0,0,0,0,0,0,0,0,0,0,0,18,52,32,0,0,0,0,0,0,0,0,0,1515,0,0,0,1417,1302,1200,0,0,0,0,0,0,0,0,0,0]} 1. d4 d5 2. Nf3 Nf6 3. c4 e6 4. Bg5 Bb4+ 5. Nc3 dxc4 6. e4 c5 7. Bxc4 cxd4 8. Nxd4 Bxc3+ 9. bxc3 Qa5 10. Bxf6 gxf6 {D39: Queen's Gambit Declined: Ragozin Defence with 5 Bg5 dxc4} (10... Qxc3+ 11. Kf1 gxf6 12. Rc1 Qa5 13. Qg4 Ke7 14. Qg7 Rf8 15. h4 Nc6 16. Nxc6+ bxc6 17. Rh3 Ba6 18. Rhc3 {½-½ (31) Bu,X (2712)-Piorun,K (2612) Batumi 2018}) 11. O-O {LiveBook: 11 Games} Bd7 12. Rb1 Qc7 $146 {White is better.} ({Predecessor:} 12... Qc5 13. Qe2 b6 14. Rfd1 Nc6 15. Nb3 Qe7 16. f4 O-O 17. Rd3 Kh8 18. Rbd1 {1-0 (90) Sueess,F (2108)-Haller,P (2087) ICCF email 2008}) 13. Nb5 Bxb5 14. Bxb5+ Ke7 15. Qb3 Rd8 16. Rfd1 Rxd1+ 17. Rxd1 Qc5 (17... Nc6 $14) 18. Ba4 (18. e5 $1 $18 fxe5 19. Qa4) 18... b6 $16 19. Rd4 Na6 20. Bb5 Qc8 21. Bxa6 (21. e5 $5 fxe5 22. Rd7+ Kf8 23. Qd1 $11) 21... Qxa6 $14 {[%mdl 4096] Endgame KQR-KQR} 22. Qb4+ Ke8 23. Qd6 {Hoping for Qc6+.} Qb7 24. e5 {Rg4 would kill now.} f5 $1 {[%cal Bf6f5,Bf5f4][%mdl 32]} 25. g4 f4 26. c4 (26. h4 $14) 26... Rc8 $1 $11 27. Qa3 Rc5 28. Qd3 {White wants to mate with Rd8+.} Rxe5 29. f3 {And now Rd8+ would win.} ({Reject} 29. Rd8+ Ke7 $17) 29... Ke7 30. Rxf4 Qc6 31. Rxf7+ Kxf7 32. Qxh7+ Ke8 33. Qh8+ Kd7 {...Qc5+ is the strong threat.} 34. Qxe5 Qxf3 {KQ-KQ} 35. Qd4+ Ke8 $1 36. g5 Qf5 37. h4 Qb1+ 38. Kg2 {aiming for a3.} Qxa2+ 39. Kg3 Qe2 $2 {[%mdl 8192]} (39... Qb1 $11) 40. Qh8+ $2 (40. g6 $1 $18 Qh5 41. Qf6) 40... Kd7 41. Qd4+ $2 {[%mdl 8192]} (41. Qf6 $11 Qd3+ 42. Kh2) 41... Ke8 $18 {[#]} 42. g6 $1 Qf1 {[#]} 43. Qe4 $2 (43. h5 $1 $18 Qf5 44. Kh4 (44. Qh8+ Ke7 $11)) 43... Ke7 $11 {The position is equal.} 44. Kg4 {Black must now prevent Qe5.} Kf6 45. Kh5 {Threatens to win with Kh6.} Qd1+ 46. Kh6 Qd2+ 47. Kh5 {Strongly threatening Qf3+.} Qd1+ {Precision: White = 48%, Black = 75%.} 1/2-1/2

[Event "Odense-ch IM-1 2018"]
[Site "Odense"]
[Date "2018.10.13"]
[Round "3"]
[White "Rostgaard, Tobias Valentin"]
[Black "Skytte, Rasmus"]
[Result "1-0"]
[WhiteElo "2416"]
[BlackElo "2385"]
[Annotator "TA"]
[PlyCount "129"]
[EventDate "2018.10.12"]
[EventType "tourn"]
[EventCountry "DEN"]
[SourceTitle "playchess.com"]
[Source "ChessBase"]
[SourceQuality "1"]

{[%evp 19,129,41,56,9,48,35,38,7,0,13,55,52,58,57,61,57,78,78,78,78,79,76,78,54,85,50,68,43,140,0,10,0,0,0,0,0,0,0,0,0,0,0,0,0,0,0,0,0,0,0,20,20,75,87,87,85,98,0,51,48,48,48,48,48,362,362,362,362,310,157,183,88,88,88,108,108,108,115,195,80,77,65,126,8,8,8,332,234,222,228,232,232,227,210,200,0,203,0,170,92,93,93,92,98,434,434,29966,29967,29970,29971,29971,29971]} 1. e4 c5 2. Nf3 e6 3. d4 cxd4 4. Nxd4 a6 5. Bd3 Qc7 6. O-O Nf6 7. Qe2 d6 8. c4 Be7 9. Nc3 O-O 10. f4 Nbd7 11. Nf3 {B42: Sicilian: Kan Variation: 5 Bd3} (11. Kh1 b6 12. Bd2 Re8 13. Rac1 Bb7 14. b4 Bf8 15. Nb3 Rab8 16. Be3 g6 17. Bd4 Qd8 18. e5 Nh5 19. Qf2 Qc7 {0-1 (46) Lagarde,M (2604)-Shchekachev,A (2540) Brest 2018}) 11... e5 (11... b5 $5) 12. f5 b5 $146 ({Predecessor:} 12... b6 13. Bd2 Bb7 14. b4 Rac8 15. Rfc1 Qb8 16. Kh1 Rfd8 17. Nd5 Nxd5 18. cxd5 Qa8 {1-0 (43) Lagarde,M (2352)-Jablonski,N (2305) Nimes 2009}) 13. Nd5 {White is slightly better.} Nxd5 14. cxd5 Qb8 15. b4 Bd8 16. Bd2 Nb6 17. Ng5 Bxg5 18. Bxg5 f6 19. Be3 Bd7 20. Rfc1 Qb7 21. g4 Rac8 22. g5 (22. h4 {keeps more tension.} Rxc1+ 23. Rxc1 Rc8 24. Rxc8+ Bxc8 25. Qc2) 22... fxg5 23. Bxg5 Nc4 (23... Rxc1+ $14 24. Rxc1 Rc8) 24. Bxc4 (24. Kh1 $16) 24... Rxc4 $11 25. Rxc4 bxc4 26. Be7 Qb6+ 27. Qf2 Rb8 28. Qxb6 Rxb6 {[%mdl 4096] Endgame KRB-KRB} 29. a3 Kf7 30. Bd8 Rb7 $1 31. Rc1 Ke8 32. Ba5 Bb5 33. a4 Bxa4 34. Rxc4 Kd7 35. Kf2 Bb5 (35... Ke7 $11) 36. Rc3 $16 Ba4 37. Rh3 $1 h6 38. f6 (38. Rg3 $16 Kc8 39. Rg6) 38... Ke8 (38... gxf6 $11 39. Rxh6 Bc2) 39. fxg7 $14 Rxg7 40. Rxh6 Kd7 41. b5 Bc2 $2 {[%mdl 8192]} (41... axb5 $14 42. Bb4 Kc8) 42. bxa6 $18 {a7 would kill now.} Bxe4 43. Bb4 Kc8 44. Rh8+ ({Much less strong is} 44. Bxd6 Rg5 $18) (44. Rxd6 $18 Rd7 45. h4 Rxd6 46. Bxd6) 44... Kd7 45. a7 (45. Ke3 $18 {is more deadly.} Bxd5 46. a7) 45... Bxd5 $16 46. h4 Rg2+ 47. Ke3 Rg3+ 48. Kd2 Rg4 (48... Rg2+ $16 49. Kd3 Rg3+ 50. Kc2 Rg2+ 51. Bd2 Rg4) 49. Ba5 (49. Rh7+ $18 {is the precise move to win.} Ke6 50. Rh6+ Kf5 51. Bxd6) 49... Ra4 50. Bb6 {Hoping for h5.} Ra6 (50... Ra2+ $14 51. Kd3 Ra3+ 52. Kd2 Ra2+ 53. Ke1 Ra1+ 54. Kd2 Ra2+) 51. Be3 ({White should play} 51. Rb8 $1 $16) 51... Ra2+ $11 52. Ke1 Bf3 $2 {[%mdl 8192]} (52... Ra1+ $1 $11 53. Ke2 Ra2+ 54. Kd1 Ra1+ 55. Kc2 Ra2+ 56. Kd3 Ra3+ 57. Ke2 Ra2+ 58. Kd3 Ra3+ 59. Ke2 Ra2+) 53. Kf1 Bg2+ 54. Kg1 $1 Be4 55. h5 Ra1+ 56. Kf2 {And now h6 would win.} Ra2+ 57. Kg1 {h6 is the strong threat.} Ra1+ $1 58. Kf2 {aiming for h6.} Ra2+ {[#]} 59. Ke1 ({White should try} 59. Kg3 $1 $18) 59... Ra1+ $16 60. Kd2 {Strongly threatening h6.} Ra2+ 61. Kc1 {Threatens to win with h6.} Ra3 $2 {[%mdl 8192] [#]} (61... Rc2+ $16 {is tougher.} 62. Kd1 Rc8) 62. h6 $1 $18 {[%cal Bh5h6,Bh6h7][%mdl 32]} Rxe3 (62... Ke6 $18 63. a8=Q Bxa8 64. Re8+ Kf5) 63. a8=Q {White mates.} Bxa8 64. Rxa8 Rh3 {[#]} 65. h7 $1 {[%mdl 512] Precision: White = 51%, Black = 45%.} 1-0

[Event "Odense-ch IM-1 2018"]
[Site "Odense"]
[Date "2018.10.13"]
[Round "3"]
[White "Fries-Nielsen, Jens Ove"]
[Black "Teplyi, Igor"]
[Result "1/2-1/2"]
[WhiteElo "2370"]
[BlackElo "2404"]
[Annotator "TA"]
[PlyCount "42"]
[EventDate "2018.10.12"]
[EventType "tourn"]
[EventCountry "DEN"]
[SourceTitle "playchess.com"]
[Source "ChessBase"]
[SourceQuality "1"]

{[%evp 11,21,13,34,4,6,5,36,0,0,0,2,0]} 1. e4 c5 2. Nf3 d6 3. d4 cxd4 4. Nxd4 Nf6 5. Nc3 a6 6. Nb3 Nc6 7. Be2 {B56: Classical Sicilian: Unusual Lines} (7. Be3 Ng4 8. Bd2 Nf6 9. Be3 Ng4 10. Bd2 Nf6 11. Be3 {½-½ (11) Chigaev,M (2593)-Kokarev,D (2595) Kazan 2018}) 7... e6 8. O-O Be7 9. a4 b6 10. f4 Bb7 11. Be3 {Predecessor:} O-O $146 12. Bf3 Nd7 13. Qe2 Qc7 14. Rad1 Rac8 15. Qf2 Rfe8 16. Kh1 Ba8 17. Qg3 Nc5 18. Rf2 Bf8 19. f5 Ne5 20. f6 Kh8 21. Nxc5 bxc5 {0-1 (37) Tirelli,M (2230)-Panic,N (2344) Novi Sad 2016} 1/2-1/2

[Event "Odense-ch IM-1 2018"]
[Site "Odense"]
[Date "2018.10.14"]
[Round "4"]
[White "Djernæs Antonsen, Mikkel"]
[Black "Valentin Rostgaard, Tobias"]
[Result "1-0"]
[WhiteElo "2428"]
[BlackElo "2396"]
[Annotator "TA"]
[PlyCount "93"]
[EventDate "2018.10.12"]
[EventType "tourn"]
[EventCountry "DEN"]
[SourceTitle "playchess.com"]
[Source "ChessBase"]
[SourceQuality "1"]

{[%evp 13,93,27,43,36,27,27,37,-4,0,-13,-2,-4,0,0,0,0,0,0,0,0,0,-22,0,2,7,6,48,0,37,0,0,0,0,0,23,0,14,0,0,0,0,0,64,78,69,66,83,67,80,84,87,79,71,61,74,72,105,70,77,63,66,70,95,87,87,89,82,77,77,55,110,85,77,0,94,0,81,65,126,114,608,628]} 1. d4 Nf6 2. c4 e6 3. Nf3 Bb4+ 4. Bd2 Qe7 5. g3 Nc6 6. a3 Bxd2+ 7. Qxd2 a5 {LiveBook: 6 Games. E11: Bogo-Indian} (7... d5 8. Bg2 dxc4 9. Qc3 e5 10. dxe5 Ng4 11. O-O O-O 12. Qxc4 Ncxe5 13. Nxe5 Nxe5 14. Qb4 Qxb4 15. axb4 {1-0 (44) Fridman,D (2591)-Almasi,Z (2702) Batumi 2018}) 8. d5 Nb8 {[%cal Bc6b8,Bb8d7,Bd7c5][%mdl 32]} 9. Nc3 d6 {White has an edge.} 10. Bh3 $146 ({Predecessor:} 10. Bg2 e5 11. O-O a4 12. c5 Nbd7 13. cxd6 cxd6 14. Qc2 Nc5 15. Nd2 {1-0 (38) Ton That Nhu,T (2206)-Nguyen,V (2425) Ho Chi Minh City 2013}) 10... Nbd7 11. O-O Nc5 {Threatening ...Nb3.} 12. Rae1 a4 13. e4 e5 14. Bxc8 Rxc8 15. Nh4 Nfd7 16. Nf5 Qf6 17. f4 exf4 18. gxf4 O-O 19. Ng3 Nb6 20. e5 Qh4 21. Nce4 (21. Kh1 {keeps more tension.} Kh8 22. Qe2 f5 23. e6 g6 24. Rf3) 21... Nxe4 22. Rxe4 {[#] aiming for f5.} f5 23. Rd4 Nd7 24. e6 Nc5 {Black wants to play ...Nb3.} 25. Qg2 g6 26. Rdd1 Kg7 27. Kh1 Kf6 (27... c6 $11) 28. Qf2 $14 Qh6 29. Ne2 $36 {[%mdl 2048] White is pushing.} Ke7 30. Nc3 Qg7 31. Qh4+ Ke8 32. Rg1 Qe7 33. Qh6 Rg8 34. Rg2 Qg7 35. Qh4 Qe7 36. Rg5 Kd8 37. Qf2 h6 38. Rg2 Qf6 39. Qc2 Ra8 40. Nb5 Rg7 41. Rdg1 Ne4 ({Black should play} 41... g5 $1 $14) 42. Nc3 Nc5 43. Nb5 Ne4 44. Nc3 Nc5 $1 45. Qd1 b6 (45... Ke7 $14) 46. Nb5 $16 Kc8 $2 {[%mdl 8192] [#]} (46... Ne4 $16 47. Qd3 h5) 47. Qd4 {Precision: White = 48%, Black = 44%.} 1-0